000 00840nam a2200241 4500
003 OSt
005 20260601193528.0
008 260422b2004 xxua|||| |||| 00| 0 eng d
020 _a1591391857
040 _aICI
_bspa
_cICI
100 1 _aChristensen, Clayton M.,
_936085
245 1 _aSeeing what's next :
_busing the theories of innovation to predict industry change /
_cClayton M. Christensen, Scott D. Anthony, Erik A. Roth
264 _bHarvard Business School,
_cc2004
_aBoston :
300 _a312 páginas
_bilustraciones
336 _atexto
_2rdacontent
337 _asin medio
_2rdamedia
338 _avolumen
_2rdacarrier
650 _aPlanificación empresarial
_936086
650 _aPronóstico de los negocios
_936087
700 1 _aAnthony, Scott D.,
_eautor
_936088
700 1 _aRoth, Erik A.,
_eautor
_936089
942 _2lcc
_cB
999 _c21268
_d21268